Lamba Trading Company v Salford CC (Record no. 64590)
[ view plain ]
| 000 -LEADER | |
|---|---|
| fixed length control field | 01094cam a2200217 4500 |
| 001 - CONTROL NUMBER | |
| control field | ABS62718 |
| 008 - FIXED-LENGTH DATA ELEMENTS--GENERAL INFORMATION | |
| fixed length control field | 000000n2000 000 0 eng u |
| 035 ## - SYSTEM CONTROL NUMBER | |
| System control number | (Sirsi) u108145 |
| 245 ## - TITLE STATEMENT | |
| Title | Lamba Trading Company v Salford CC |
| 260 ## - PUBLICATION, DISTRIBUTION, ETC. | |
| Date of publication, distribution, etc. | 2000 |
| 490 ## - SERIES STATEMENT | |
| Series statement | Rating and Valuation Reporter |
| Volume/sequential designation | [2000] 40 RVR 249-272 (24) |
| 520 ## - SUMMARY, ETC. | |
| Summary, etc. | LT 28 May 1999. L sought compensation for the compuslory acquisition of its freehold cash and carry premises in Salford. L claimed unavailability of suitable sites for relocation meant the extinguishment of the business. The compensation claim had been calculated at £6,573,405. S claimed there were plenty of suitable sites and assessed compensation at £1,675, 308. "Held" compensation payable by the council to the claimant was £1,979,778. |
| 590 ## - LOCAL NOTE (RLIN) | |
| Local note | ABS |
| 650 ## - SUBJECT ADDED ENTRY--TOPICAL TERM | |
| Topical term or geographic name entry element | COMPENSATION |
| 650 ## - SUBJECT ADDED ENTRY--TOPICAL TERM | |
| Topical term or geographic name entry element | Compulsory purchase |
| 9 (RLIN) | 6228 |
| 650 ## - SUBJECT ADDED ENTRY--TOPICAL TERM | |
| Topical term or geographic name entry element | EXTINGUISHMENT |
| 650 ## - SUBJECT ADDED ENTRY--TOPICAL TERM | |
| Topical term or geographic name entry element | DEBTS |
| 650 ## - SUBJECT ADDED ENTRY--TOPICAL TERM | |
| Topical term or geographic name entry element | LAMBA TRADING COMPANY V SALFORD CC |
| 690 ## - LOCAL SUBJECT ADDED ENTRY--TOPICAL TERM (OCLC, RLIN) | |
| Topical term or geographic name as entry element | ENVIRONMENTAL AND LAND CONSULTANCY-PLANNING AND DEVELOPMENT-COMPULSORY PURCHASE AND COMPENSATION |
| 942 ## - ADDED ENTRY ELEMENTS (KOHA) | |
| Suppress in OPAC | 0 |
| Withdrawn status | Lost status | Source of classification or shelving scheme | Damaged status | Not for loan | Home library | Current library | Shelving location | Date acquired | Total Checkouts | Full call number | Barcode | Date last seen | Copy number | Price effective from | Koha item type |
|---|---|---|---|---|---|---|---|---|---|---|---|---|---|---|---|
| Dewey Decimal Classification | London | London | Journal article | 04/09/2000 | ABS62718 | 108145-1001 | 06/08/2019 | 1 | 06/08/2019 | Law report |